| 000 | 01047cam a22002895a 4500 | ||
|---|---|---|---|
| 001 | 17066993 | ||
| 005 | 20150922135050.0 | ||
| 008 | 111202s2013 enka frb 001 0 eng d | ||
| 020 | _a0415590736 | ||
| 020 | _a9780415590730 | ||
| 040 |
_aDLC _beng _cDLC _dEG-ScBUE |
||
| 043 | _ad------ | ||
| 082 | 0 | 4 |
_a338.927091724 _bELL _222 |
| 100 | 1 |
_aElliott, Jennifer A., _d1962- _936184 |
|
| 245 | 1 | 3 |
_aAn introduction to sustainable development / _cJennifer A. Elliott. |
| 250 | _a4th ed. | ||
| 260 |
_aOxon ; _aNew York : _bRoutledge / Taylor & Francis, _c2013 _e(Croydon, United Kingdom : _fCPI Group (UK) Ltd.) |
||
| 300 |
_axviii, 361 p. : _bill. ; _c24 cm. |
||
| 490 | 0 | _aRoutledge perspectives on development | |
| 500 | _aIndex : p. 351-361. | ||
| 504 | _aBibliography : p. 332-350. | ||
| 650 | 0 |
_aSustainable development _zDeveloping countries. _2BUEsh _936185 |
|
| 650 | 0 |
_aEnvironmental policy _zDeveloping countries. _2BUEsh _936186 |
|
| 651 | _2BUEsh | ||
| 653 |
_bBUSBOL _bENGARC _cOctober2014 _cJuly2015 |
||
| 942 |
_2ddc _k338.927091724 ELL |
||
| 999 |
_c18444 _d18416 |
||